00493nam a2200145Ia 4500008004100000041000800041082001300049100002100062245004400083260004200127300003000169365000900199999001700208952012200225240624s9999 xx 000 0 und d aeng a658.4013 aFRIGON NORMAND L aENTERPRISE EXCELLENCE A PRACTICAL GUIDE c2009aNew JerseybJohn Wiley and Sons axi, : 484 : p. : cm. ; 24 cb27 c15491d15491 00104070aIMTNbIMTNcRack 27-Bd2010-08-26eBWEg94.95o658.4013p15491r2024-06-24 00:00:00t49.4w2024-06-24yBK